000 00439nam a2200157 a 4500
001 000035722
005 20200930074547.0
008 111109s19uu sp 000 0 spa d
040 _aDO-SdBNP
_bspa
_cBNPHU
082 _axxxx
_bF194c
100 1 _aFallaci, Oriana
_959775
245 1 0 _aCarta a un niƱo que no llego a nacer / :
_bOriana Fallaci.
260 _a[Barcelona :
_bNoguer,
_c19--?].
300 _a119 p. ;
_c20 cm.
049 _aBNGR
999 _c35213
_d35213